Best-Selling Video Games since 1980 - Statistics

General Stats
  • This quiz has been taken 97 times
  • The average score is 8 of 42
Answer Stats
Hint Answer % Correct
1986 Super Mario Bros
90%
1988 Super Mario Bros/Duck Hunt
90%
1989 Super Mario Bros/Duck Hunt
90%
1987 The Legend of Zelda
42%
1982 Pac-Man
40%
1997 Pokemon
32%
1998 Pokemon
32%
1999 Pokemon
32%
2000 Pokemon
32%
2001 Pokemon
32%
1991 Sonic The Hedgehog
31%
2013 Grand Theft Auto V
26%
2019 Call of Duty: Modern Warfare
18%
1980 Space Invaders
18%
1993 Mortal Kombat
18%
1981 Space Invaders
18%
2010 Call of Duty: Black Ops
17%
2009 Call of Duty: Modern Warfare 2
15%
2004 Grand Theft Auto: San Andreas
15%
2002 Grand Theft Auto: Vice City
13%
2011 Call of Duty: Modern Warfare 3
12%
2007 Halo 3
9%
1995 Super Mario 64
9%
2012 Call of Duty: Black Ops II
5%
2023 Hogwarts Legacy
5%
1983 Ms. Pac-Man
5%
1990 Super Mario Bros 3
5%
2016 Call of Duty: Infinite Warfare
4%
2018 Red Dead Redemption II
4%
2014 Call of Duty: Advanced Warfare
3%
2020 Call of Duty: Black Ops Cold War
3%
2015 Call of Duty: Black Ops III
3%
2022 Call of Duty: Modern Warfare II
3%
2017 Call of Duty: WWII
3%
2005 Madden NFL 06
3%
2006 Madden NFL 07
3%
2003 Madden NFL 2004
3%
2008 Wii Play
3%
2021 Call of Duty: Vanguard
1%
1994 Donkey Kong Country
1%
1996 Mario Kart 64
1%
1992 Sonic The Hedgehog 2
1%
No matching quizzes found
Score Distribution
Percent of People with Each Score
Percentile by Number Answered
Your Score History
You have not taken this quiz